| 000 | 00849nam a22002771a 4500 | ||
|---|---|---|---|
| 001 | 15777 | ||
| 003 | BD-RjUL | ||
| 005 | 20211208235902.0 | ||
| 008 | 140210r19671964ilu 1 0 eng d | ||
| 035 | _a(BD-RjUL)15832 | ||
| 040 |
_aNUN _beng _cNUN _dABN-SNR _dBD-RjUL |
||
| 041 | _aeng | ||
| 082 | 0 | 4 |
_a657 _bGOA 1967 |
| 100 | 1 |
_aGordon, Myron J. _948933 |
|
| 245 | 1 | 0 |
_aAccounting : _ba management approach / _c by M.J.Gordon and G.Shillinglaw. |
| 250 | _a3rd ed. | ||
| 260 |
_aHomewood, Ill. : _bIrwin, _c1964 [reprinted 1967]. |
||
| 300 |
_axvi, 865 p. ; _c23 cm. |
||
| 500 | _a2nd ed. by Hill, Thomas M. and Gordon, Myron J. | ||
| 504 | _aIncludes index. | ||
| 650 | 0 |
_aControllership. _947671 |
|
| 650 | 0 |
_aAccounting. _948935 |
|
| 700 | 1 |
_aShilling Law, Gordon. _948936 |
|
| 942 |
_2ddc _cBK |
||
| 999 |
_c15777 _d15777 |
||